Loading...
| Science - Chemistry | 2 | 5 | 0 | 1 | 80 | 29 | 84.43 | 7 | 7 |
| Science - Other Science | 1 | 6 | 0 | 0 | 75 | 46 | 97.57 | 5 | 7 |
| Social Science | 0 | 7 | 1 | 1 | 65 | 83 | 112.00 | 3 | 7 |
| Mythology | 3 | 0 | 0 | 0 | 45 | 74 | 79.33 | 3 | 3 |
| History - World History | 2 | 2 | 1 | 0 | 45 | 23 | 59.00 | 3 | 4 |
| Science - Biology | 2 | 2 | 1 | 1 | 45 | 9 | 73.75 | 2 | 3 |
| Science - Physics | 1 | 3 | 2 | 2 | 35 | 53 | 116.00 | 1 | 4 |
| History - Other History | 2 | 0 | 0 | 0 | 30 | 44 | 57.00 | 1 | 2 |
| Religion | 1 | 1 | 0 | 0 | 25 | 41 | 85.50 | 0 | 2 |
| Other Academic | 1 | 1 | 0 | 0 | 25 | 77 | 80.00 | 2 | 2 |
| History - European History | 1 | 1 | 1 | 0 | 20 | 57 | 68.00 | 2 | 2 |
| History - American History | 0 | 1 | 0 | 0 | 10 | 101 | 101.00 | 0 | 1 |
| Science - Math | 0 | 1 | 0 | 1 | 10 | 147 | 147.00 | 0 | 1 |
| Geography | 0 | 1 | 0 | 1 | 10 | 149 | 149.00 | 1 | 1 |
| Literature - Long Fiction | 0 | 1 | 0 | 0 | 10 | 100 | 100.00 | 0 | 1 |
| Current Events | 0 | 2 | 2 | 0 | 10 | 84 | 91.00 | 0 | 2 |
| Fine Arts - Classical Music | 0 | 1 | 0 | 0 | 10 | 160 | 160.00 | 0 | 1 |
| Literature - Poetry | 0 | 1 | 0 | 0 | 10 | 99 | 99.00 | 0 | 1 |
| Philosophy | 0 | 1 | 1 | 0 | 5 | 87 | 87.00 | 0 | 1 |